| 000 | 00601cam a2200193 4500500 | ||
|---|---|---|---|
| 005 | 20260329003407.0 | ||
| 041 | _afre | ||
| 042 | _adc | ||
| 100 | 1 | 0 |
_aPersonne, Thomas _eauthor |
| 245 | 0 | 0 | _aThéories et institutions pénales. Cours au Collège de France (1971-1972) |
| 260 | _c2015. | ||
| 500 | _a43 | ||
| 690 | _aÉtat | ||
| 690 | _aPouvoir | ||
| 690 | _aPrison | ||
| 690 | _aRépression | ||
| 786 | 0 | _nPhilosophie magazine | 91 | 8 | 2015-07-01 | p. 64-64 | 1951-1787 | |
| 856 | 4 | 1 | _uhttps://shs.cairn.info/magazine-philosophie-magazine-2015-8-page-64?lang=fr&redirect-ssocas=7080 |
| 999 |
_c1824204 _d1824204 |
||